Peñafiel (Record no. 184048)

MARC details
000 -LEADER
campo de control de longitud fija 00958nam a2200241 i 4500
001 - NÚMERO DE CONTROL
campo de control 184048
003 - IDENTIFICADOR DE NÚMERO DE CONTROL
campo de control ES-MaACL
005 - FECHA Y HORA DE LA ÚLTIMA TRANSACCIÓN
campo de control 20231115145517.0
008 - DATOS DE LONGITUD FIJA--INFORMACIÓN GENERAL
campo de control de longitud fija 150225s2014 sp aco |||| |dspa d
020 ## - NÚMERO INTERNACIONAL ESTÁNDAR DEL LIBRO
Número Internacional Estándar del Libro 978-84-617-3245-6
080 ## - NÚMERO DE LA CLASIFICACIÓN DECIMAL UNIVERSAL
Número de la Clasificación Decimal Universal 94(460.185 Peñafiel)
100 1# - ENTRADA PRINCIPAL--NOMBRE DE PERSONA
Nombre de persona Moral Daza, Juan José.
9 (RLIN) 156444
245 10 - MENCIÓN DEL TÍTULO
Título Peñafiel
Resto del título : una historia gráfica /
Mención de responsabilidad, etc. Juan José Moral Daza ; edición de Fernando Regueras Grande.
260 ## - PUBLICACIÓN, DISTRIBUCIÓN, ETC.
Lugar de publicación, distribución, etc. Valladolid :
Nombre del editor, distribuidor, etc. Domus Pucelae,
Fecha de publicación, distribución, etc. 2014.
300 ## - DESCRIPCIÓN FÍSICA
Extensión 234 p. :
Otras características físicas il., retr., fot. ;
Dimensiones 21 x 24 cm.
504 ## - NOTA DE BIBLIOGRAFÍA, ETC.
Nota de bibliografía, etc. Bibliografía: p. 231-232.
651 #4 - PUNTO DE ACCESO ADICIONAL DE MATERIA--NOMBRE GEOGRÁFICO
Nombre geográfico Peñafiel-
Subdivisión general Historia.
9 (RLIN) 156445
700 1# - ENTRADA AGREGADA--NOMBRE PERSONAL
Nombre de persona Regueras Grande, Fernando.
9 (RLIN) 156140
852 ## - LOCALIZACIÓN
Ubicación ES-MaACL
Número de control de estantería N-6419
Nota libre Dedicatoria autógrafa del editor
itemnumber 191014
Sublocalización o colección R.150363
Ubicación en estantería Depósito 1
Signatura antigua Olim: N-6419
Donativo/Legado Donación: Fernando Regueras Grande
Anotaciones manuscritas Dedicatoria autógrafa del editor
903 ## - NOMBRE PERSONAL DE DONANTE
9 156140
a Regueras Grande, Fernando
e Donante
942 ## - ELEMENTOS DE ENTRADA SECUNDARIOS (KOHA)
Fuente del sistema de clasificación o colocación Clasificación decimal universal
Holdings
Estatus retirado Estado de pérdida Fuente del sistema de clasificación o colocación Estado de daño No para préstamo Colección Biblioteca de origen Biblioteca actual Ubicación en estantería Fecha de adquisición Fuente de adquisición Total de préstamos Signatura topográfica completa Código de barras Visto por última vez Precio de reemplazo Tipo de ítem Koha Nota pública
    Clasificación decimal universal     Libros con dedicatorias Biblioteca del Ateneo de Madrid Biblioteca del Ateneo de Madrid Depósito 1 25/02/2015 Donación   A-13419 1193535 23/02/2023 23/02/2023 Libro impreso Dedicatoria autógrafa del editor